[Event "Africa-ch U14"]
[Site "Windhoek"]
[Date "2019.12.21"]
[Round "9.5"]
[White "Raymond, Maretlwaneng"]
[Black "Shah, Viraj Bhaveshu"]
[Result "0-1"]
[WhiteElo "1277"]
[BlackElo "1378"]
[PlyCount "60"]
[EventDate "2019.12.16"]
[EventType "swiss"]
[EventRounds "9"]
[EventCountry "NAM"]
[SourceTitle "EXT 2024"]
[Source "ChessBase"]
[SourceDate "2023.10.10"]
[SourceVersion "1"]
[SourceVersionDate "2023.10.10"]
[SourceQuality "1"]

1. e4 e5 2. Nf3 Nc6 3. Bc4 Bc5 4. 0-0 Nf6 5. d4 exd4 6. e5 d5 7. exf6 dxc4 8. fxg7 Rg8 9. Ng5 Bf5 10. Nxf7 Qf6 11. Nh6 Rxg7 12. Qh5+ Qg6 13. Qxg6+ Bxg6 14. c3 0-0-0 15. cxd4 Nxd4 16. Nc3 Bd3 17. Rd1 Be2 18. Rd2 Nf3+ 19. Kh1 Nxd2 20. Nxe2 Ne4 21. Be3 Nxf2+ 22. Bxf2 Bxf2 23. Rf1 Bb6 24. Nf4 Rgd7 25. h3 Rd1 26. Rxd1 Rxd1+ 27. Kh2 Be3 28. Nf5 Bxf4+ 29. g3 Rd2+ 30. Kg1 Be5 0-1

[Event "Africa-ch U14"]
[Site "Windhoek"]
[Date "2019.12.19"]
[Round "5.5"]
[White "Govender, Lesharn"]
[Black "Raymond, Maretlwaneng"]
[Result "1/2-1/2"]
[WhiteElo "1222"]
[BlackElo "1277"]
[PlyCount "52"]
[EventDate "2019.12.16"]
[EventType "swiss"]
[EventRounds "9"]
[EventCountry "NAM"]
[SourceTitle "EXT 2024"]
[Source "ChessBase"]
[SourceDate "2023.10.10"]
[SourceVersion "1"]
[SourceVersionDate "2023.10.10"]
[SourceQuality "1"]

1. e4 c5 2. Nf3 d6 3. d4 cxd4 4. Nxd4 Nf6 5. Nc3 e6 6. Be3 Be7 7. Be2 a6 8. f3 Nbd7 9. Qd2 b5 10. Nc6 Qc7 11. Nxe7 Kxe7 12. a3 Bb7 13. g4 Ne5 14. 0-0-0 Rhd8 15. Bg5 Rac8 16. h4 Ng6 17. Bxf6+ gxf6 18. g5 fxg5 19. Qxg5+ f6 20. Qh6 Ke8 21. h5 Nf8 22. Qxf6 Qe7 23. Qxe7+ Kxe7 24. Rhg1 Rc5 25. f4 Rd7 26. Rg7+ Kf6 1/2-1/2

[Event "Africa-ch U14"]
[Site "Windhoek"]
[Date "2019.12.17"]
[Round "4.6"]
[White "Raymond, Maretlwaneng"]
[Black "Lwanga, Aguda"]
[Result "1/2-1/2"]
[WhiteElo "1277"]
[BlackElo "1406"]
[PlyCount "60"]
[EventDate "2019.12.16"]
[EventType "swiss"]
[EventRounds "9"]
[EventCountry "NAM"]
[SourceTitle "EXT 2024"]
[Source "ChessBase"]
[SourceDate "2023.10.10"]
[SourceVersion "1"]
[SourceVersionDate "2023.10.10"]
[SourceQuality "1"]

1. e4 e5 2. Nf3 Nc6 3. Bc4 Bc5 4. 0-0 d6 5. h3 Nf6 6. d3 h6 7. Re1 0-0 8. c3 Bd7 9. Nbd2 Ne7 10. a4 a6 11. Nf1 Ng6 12. Qb3 Qc8 13. d4 exd4 14. cxd4 Ba7 15. e5 dxe5 16. dxe5 Nh5 17. e6 Bxe6 18. Bxe6 fxe6 19. Rxe6 Kh7 20. N1h2 Nhf4 21. Re4 Qd7 22. Bxf4 Nxf4 23. Rd1 Qc6 24. Rc4 Qb6 25. Qc2+ Kh8 26. Rxc7 Ne2+ 27. Kh1 Qxf2 28. Ng4 Ng3+ 29. Kh2 Nf1+ 30. Rxf1 Qxf1 1/2-1/2

[Event "Africa-ch U14"]
[Site "Windhoek"]
[Date "2019.12.16"]
[Round "1.1"]
[White "Tamer, Ahmed"]
[Black "Raymond, Maretlwaneng"]
[Result "1-0"]
[WhiteElo "2024"]
[BlackElo "1277"]
[PlyCount "132"]
[EventDate "2019.12.16"]
[EventType "swiss"]
[EventRounds "9"]
[EventCountry "NAM"]
[SourceTitle "EXT 2024"]
[Source "ChessBase"]
[SourceDate "2023.10.10"]
[SourceVersion "1"]
[SourceVersionDate "2023.10.10"]
[SourceQuality "1"]

1. Nf3 Nf6 2. g3 g6 3. Bg2 Bg7 4. 0-0 0-0 5. d3 d6 6. e4 e5 7. Nc3 Nc6 8. h3 Ne8 9. Be3 h6 10. Qd2 Kh7 11. d4 f5 12. dxe5 dxe5 13. exf5 gxf5 14. Qxd8 Nxd8 15. Bc5 Rf7 16. Rfe1 Nc6 17. Rad1 Be6 18. a4 b6 19. Nxe5 Nxe5 20. Bxa8 c6 21. Bxc6 bxc5 22. Bxe8 Re7 23. Bh5 Bf7 24. Be2 Nc6 25. Bd3 Rxe1+ 26. Rxe1 Nd4 27. Re7 Kg6 28. Rxa7 c4 29. Bf1 Nxc2 30. a5 Bd4 31. Rxf7 Kxf7 32. Bxc4+ Kf6 33. Nb5 Bc5 34. a6 Nd4 35. a7 Bxa7 36. Nxa7 Nf3+ 37. Kg2 Ne5 38. Bd5 Nd3 39. b3 Ke5 40. Bf3 Ne1+ 41. Kf1 Nxf3 42. b4 Kd6 43. Ke2 Ng1+ 44. Kd3 Nxh3 45. Nc8+ Kd7 46. Nb6+ Kc6 47. Nc4 Ng5 48. b5+ Kxb5 49. Nd6+ Kc5 50. Nxf5 h5 51. Ng7 h4 52. gxh4 Nh7 53. Ke4 Kd6 54. Kf5 Ke7 55. Ne6 Nf6 56. Ng5 Nh5 57. f4 Kf8 58. Ne4 Kf7 59. Kg5 Ng7 60. Nd6+ Kf8 61. f5 Kg8 62. h5 Kf8 63. h6 Nxf5 64. Kxf5 Kg8 65. Kg6 Kh8 66. Nf7+ Kg8 1-0